Acteurs du film Mamma Mia par images - Statistiques

Statistiques générales
  • Ce quiz a été pris 69 fois
  • Le résultat moyen est 4 sur 7
Statistiques - réponses
Par images Hint Réponse % Correct
Donna Sheridan Meryl Streep
97%
Sam Carmichael Pierce Brosnan
68%
Sophie Sheridan Amanda Seyfried
67%
Harry Bright Colin Firth
54%
Bill Anderson Stellan Skarsgård
30%
Tanya Chesham-Leigh Christine Baranski
24%
la Réalisatrice Phyllida Lloyd
13%
Aucun quiz correspondant
Distribution des résultats
% des personnes avec chaque résultat
Percentile par nombre de réponses
Votre historique - résultats
Vous n’avez pas pris ce quiz